Quiz sur les entités fédérés en Belgique - Statistiques

Statistiques générales
  • Ce quiz a été pris 5 fois
  • Le résultat moyen est 4 sur 35
Statistiques - réponses
Questions Réponses % Correct
Dans quelle régions les institutions communautaires et régionales sont fusionnés ? Flandre
100%
Et ... membres francophone du parlement de la région Bruxelles-Capitale. 19
25%
Dont ... francophone 2
25%
Et ... néerlandophone 2
25%
Et ..., qui ont leur domicile en région Bruxelles-Capitale, qui sont élu par les néerlandophone de cette même région. 6
25%
Quelle est la composition du Parlement de la Région de Bruxelles-Capitale ? 89 députés
25%
Quelle est la composition du gouvernement de la Communauté française ? 8 membres dont le ministre président
25%
Quelle est la composition du gouvernement wallon ? 9 membres y compris le ministre président
25%
Que vote le parlement flamand ? Décrets (loi communautaires et régionales)
25%
Où la communauté flamande exerce t'elle ses compétences ? (deux réponses) Provinces flamandes et Bruxelles
25%
Où doit siéger l'un d'eux ? Sénat
25%
Quelle est la composition du gouvernement de la communauté flamande ? 10 ministres et un ministre président
0%
Dont ... sont élus directement en région flamande 118
0%
Le Parlement flamand est composé de ... parlementaires 124
0%
Quelle est la composition du parlement de la communauté germanophone ? 25 membres
0%
Quelle est la composition du gouvernement de la communauté germanophone ? 3 ministres et un ministre président
0%
Quelle est la composition du gouvernement de la région de Bruxelles-Capitale ? 4 ministres et un ministre président
0%
Soit les ... membres du parlement wallon 75
0%
Quelle est la composition du parlement wallon ? 75 membres
0%
Quelle est la composition du parlement de la communauté française 94 membres
0%
Qui est le ministre président du gouvernement wallon ? Adrien Dolimont (PS)
0%
Qui est le président du parlement de la communauté française ? Benoit Dispa (Les Engagés)
0%
Qui est le président du parlement de la Région Bruxelles-Capitale ? Bertin Mampaka (MR)
0%
Qui est le président du parlement wallon ? Borsus Willy (MR)
0%
Qui est le ministre président du gouvernement de la Communauté française ? Elisabeth Degryse (Les Engagés)
0%
Qui est la présidente du parlement flamand ? Freya Van den Bossche (Vooruit)
0%
Que vote le parlement de la Communauté française ? Les lois communautaires francophones
0%
Que vote le parlement wallon ? Les lois régionales (+ contrôle sur le gouvernement wallon)
0%
Qui est le ministre président du gouvernement flamand ? Matthias Diepensaele (N-VA)
0%
Qui est le ministre président du gouvernement de la communauté germanophone ? Olivier Paasch (PRODG)
0%
Où est-ce que ces membres siègent aussi ? Parlement de la Communauté française
0%
Qui est le président du parlement de la communauté germanophone ? Patricia Creutz-Vilvoye (CSP)
0%
Qui est le ministre président de la Région de Bruxelles-Capitales ? Rudi Vervoort (PS)
0%
Élus à quel suffrage et pour combien de temps ? Suffrage universel direct pour 5 ans
0%
Quelle institution possède les provinces ? Un conseil provinciale
0%
Aucun quiz correspondant
Distribution des résultats
% des personnes avec chaque résultat
Percentile par nombre de réponses
Votre historique - résultats
Vous n’avez pas pris ce quiz